Hình tượng người trí thức Nga qua tác phẩm Bác sĩ Zhivago của Boris Pasternak

Vấn đề trí thức và thời đại trong văn học Nga. Hình tượng người trí thức Nga trong tiểu thuyết "Bác sĩ Jhivago" của Boris Pasternark.

Сохранить в:
Библиографические подробности
Главный автор: Nguyễn, Thị Phương Thảo
Другие авторы: Lê, Thị Nở Th.S (Hướng dẫn)
Формат:
Язык:Vietnamese
Опубликовано: Đại học Đà Nẵng Trường Đại học Sư phạm 2008
Серии:Khóa luận tốt nghiệp Đại học. Chuyên ngành: Ngành Sư phạm Ngữ văn
Предметы:
Метки: Добавить метку
Нет меток, Требуется 1-ая метка записи!
Thư viện lưu trữ: Mạng thư viện Đại học Đà Nẵng
LEADER 01531nam a2200349 4500
001 000011046
003 7274
005 20120111080123.0
008 120111s2008 viesd
041 |a vie 
072 |a Khóa luận tốt nghiệp 
082 |a 891.7  |b NG-T 
100 1 |a Nguyễn, Thị Phương Thảo 
245 1 |a Hình tượng người trí thức Nga qua tác phẩm Bác sĩ Zhivago của Boris Pasternak  |c Nguyễn, Thị Phương Thảo 
260 |a Đại học Đà Nẵng  |b Trường Đại học Sư phạm  |c 2008 
300 |a 46 tr. [20 tr.]  |b ảnh m.họa  |c 29 cm 
490 |a Khóa luận tốt nghiệp Đại học. Chuyên ngành: Ngành Sư phạm Ngữ văn 
500 |a Phụ lục [20 tr.] 
520 |a Vấn đề trí thức và thời đại trong văn học Nga. Hình tượng người trí thức Nga trong tiểu thuyết "Bác sĩ Jhivago" của Boris Pasternark. 
653 |a Khóa luận tốt nghiệp Đại học 
653 |a Khoa Ngữ văn 
700 1 |a Lê, Thị Nở  |c Th.S  |e Hướng dẫn 
OWN |a LSP 
AVA |a UDN50  |b LSP  |d 891.7 NG-T  |e available  |t Error 5001 Not defined in file expand_doc_bib_avail.  |f 1  |g 0  |h N  |i 0  |k 1 
999 |a From the UDN01 
AVA |a UDN50  |b LSP  |d 891.7 NG-T  |e available  |t Error 5001 Not defined in file expand_doc_bib_avail.  |f 1  |g 0  |h N  |i 0  |k 1 
TYP |a Monograph 
TYP |a Printed language 
980 |a Mạng thư viện Đại học Đà Nẵng